<?xml version="1.0" encoding="UTF-8"?>
<record
    xmlns:xsi="http://www.w3.org/2001/XMLSchema-instance"
    xsi:schemaLocation="http://www.loc.gov/MARC21/slim http://www.loc.gov/standards/marcxml/schema/MARC21slim.xsd"
    xmlns="http://www.loc.gov/MARC21/slim">

  <leader>00597nam a22001337a 4500</leader>
  <datafield tag="040" ind1=" " ind2=" ">
    <subfield code="c">RUA</subfield>
  </datafield>
  <datafield tag="082" ind1=" " ind2=" ">
    <subfield code="a">AGR KON 2015 B521 Or.1</subfield>
  </datafield>
  <datafield tag="100" ind1=" " ind2=" ">
    <subfield code="a">KONG PHEAROM;&#x200B; &#x1782;&#x1784;&#x17CB; &#x1797;&#x17B6;&#x179A;&#x1798;&#x17D2;&#x1799;</subfield>
  </datafield>
  <datafield tag="245" ind1=" " ind2=" ">
    <subfield code="a">Comparison of tomatoes varieties under condition of Kbal KOh vegetable reserch; &#x1780;&#x17B6;&#x179A;&#x1794;&#x17D2;&#x179A;&#x17C0;&#x1792;&#x17C0;&#x1794;&#x1796;&#x17BC;&#x1787;&#x1794;&#x17C9;&#x17C1;&#x1784;&#x1794;&#x17C4;&#x17C7;&#x1780;&#x17D2;&#x1793;&#x17BB;&#x1784;&#x179B;&#x1780;&#x17D2;&#x1781;&#x1781;&#x178E;&#x17D2;&#x178C;&#x179F;&#x17D2;&#x1790;&#x17B6;&#x1793;&#x17B8;&#x1799;&#x17CD;&#x1796;&#x17C4;&#x179F;&#x17C4;&#x1792;&#x1793;&#x17CD;&#x178A;&#x17C6;&#x178E;&#x17B6;&#x17C6;&#x1794;&#x1793;&#x17D2;&#x179B;&#x17C2;&#x1780;&#x17D2;&#x1794;&#x17B6;&#x179B;&#x1780;&#x17C4;&#x17C7;</subfield>
  </datafield>
  <datafield tag="260" ind1=" " ind2=" ">
    <subfield code="a">Phnom Penh</subfield>
    <subfield code="b">RUA</subfield>
    <subfield code="c">2015</subfield>
  </datafield>
  <datafield tag="300" ind1=" " ind2=" ">
    <subfield code="a">xi; 49p;</subfield>
    <subfield code="b">ill;</subfield>
    <subfield code="c">29cm;</subfield>
  </datafield>
  <datafield tag="856" ind1=" " ind2=" ">
    <subfield code="u"> KONG PHEAROM</subfield>
  </datafield>
  <datafield tag="942" ind1=" " ind2=" ">
    <subfield code="c">AGR</subfield>
  </datafield>
  <datafield tag="999" ind1=" " ind2=" ">
    <subfield code="c">10732</subfield>
    <subfield code="d">10732</subfield>
  </datafield>
  <datafield tag="952" ind1=" " ind2=" ">
    <subfield code="0">0</subfield>
    <subfield code="1">0</subfield>
    <subfield code="2">ddc</subfield>
    <subfield code="4">0</subfield>
    <subfield code="6">AGR_KON_2015_000000000000000_B521_OR_1</subfield>
    <subfield code="7">0</subfield>
    <subfield code="9">55918</subfield>
    <subfield code="a">LBB</subfield>
    <subfield code="b">LBB</subfield>
    <subfield code="c">B521</subfield>
    <subfield code="d">2016-11-04</subfield>
    <subfield code="o">AGR KON 2015 B521 Or.1</subfield>
    <subfield code="p">A01482</subfield>
    <subfield code="r">2016-11-04</subfield>
    <subfield code="w">2016-11-04</subfield>
    <subfield code="y">AGR</subfield>
  </datafield>
  <datafield tag="952" ind1=" " ind2=" ">
    <subfield code="0">0</subfield>
    <subfield code="1">0</subfield>
    <subfield code="2">ddc</subfield>
    <subfield code="4">0</subfield>
    <subfield code="6">AGR_KON_2015_000000000000000_B521_OR_2</subfield>
    <subfield code="7">0</subfield>
    <subfield code="9">55919</subfield>
    <subfield code="a">LBB</subfield>
    <subfield code="b">LBB</subfield>
    <subfield code="c">B521</subfield>
    <subfield code="d">2016-11-04</subfield>
    <subfield code="l">4</subfield>
    <subfield code="o">AGR KON 2015 B521 Or.2</subfield>
    <subfield code="p">A00819</subfield>
    <subfield code="r">2024-10-10</subfield>
    <subfield code="s">2024-09-04</subfield>
    <subfield code="w">2016-11-04</subfield>
    <subfield code="y">AGR</subfield>
  </datafield>
  <datafield tag="952" ind1=" " ind2=" ">
    <subfield code="0">0</subfield>
    <subfield code="1">0</subfield>
    <subfield code="2">ddc</subfield>
    <subfield code="4">0</subfield>
    <subfield code="6">AGR_KON_2015_000000000000000_B521_OR_3</subfield>
    <subfield code="7">0</subfield>
    <subfield code="9">55920</subfield>
    <subfield code="a">LBB</subfield>
    <subfield code="b">LBB</subfield>
    <subfield code="c">B521</subfield>
    <subfield code="d">2016-11-04</subfield>
    <subfield code="l">2</subfield>
    <subfield code="o">AGR KON 2015 B521 Or.3</subfield>
    <subfield code="p">A00954</subfield>
    <subfield code="r">2024-04-29</subfield>
    <subfield code="s">2024-04-25</subfield>
    <subfield code="w">2016-11-04</subfield>
    <subfield code="y">AGR</subfield>
  </datafield>
  <datafield tag="952" ind1=" " ind2=" ">
    <subfield code="0">0</subfield>
    <subfield code="1">0</subfield>
    <subfield code="2">ddc</subfield>
    <subfield code="4">0</subfield>
    <subfield code="6">AGR_KON_2015_000000000000000_B521_OR_4</subfield>
    <subfield code="7">0</subfield>
    <subfield code="9">55921</subfield>
    <subfield code="a">LBB</subfield>
    <subfield code="b">LBB</subfield>
    <subfield code="c">B521</subfield>
    <subfield code="d">2016-11-04</subfield>
    <subfield code="l">2</subfield>
    <subfield code="o">AGR KON 2015 B521 Or.4</subfield>
    <subfield code="p">RUA062013</subfield>
    <subfield code="r">2022-10-17</subfield>
    <subfield code="s">2022-10-03</subfield>
    <subfield code="w">2016-11-04</subfield>
    <subfield code="y">AGR</subfield>
  </datafield>
  <datafield tag="952" ind1=" " ind2=" ">
    <subfield code="0">0</subfield>
    <subfield code="1">0</subfield>
    <subfield code="2">ddc</subfield>
    <subfield code="4">0</subfield>
    <subfield code="6">AGR_KON_2015_000000000000000_B521_OR_5</subfield>
    <subfield code="7">0</subfield>
    <subfield code="9">55922</subfield>
    <subfield code="a">LBB</subfield>
    <subfield code="b">LBB</subfield>
    <subfield code="c">B521</subfield>
    <subfield code="d">2016-11-04</subfield>
    <subfield code="l">2</subfield>
    <subfield code="o">AGR KON 2015 B521 Or.5</subfield>
    <subfield code="p">A00752</subfield>
    <subfield code="r">2022-02-04</subfield>
    <subfield code="s">2022-01-21</subfield>
    <subfield code="w">2016-11-04</subfield>
    <subfield code="y">AGR</subfield>
  </datafield>
  <datafield tag="952" ind1=" " ind2=" ">
    <subfield code="0">0</subfield>
    <subfield code="1">0</subfield>
    <subfield code="2">ddc</subfield>
    <subfield code="4">0</subfield>
    <subfield code="6">AGR_KON_2015_000000000000000_B521_OR_6</subfield>
    <subfield code="7">0</subfield>
    <subfield code="9">55923</subfield>
    <subfield code="a">LBB</subfield>
    <subfield code="b">LBB</subfield>
    <subfield code="c">B521</subfield>
    <subfield code="d">2016-11-04</subfield>
    <subfield code="l">2</subfield>
    <subfield code="o">AGR KON 2015 B521 Or.6</subfield>
    <subfield code="p">RUA062053</subfield>
    <subfield code="r">2022-02-04</subfield>
    <subfield code="s">2022-01-14</subfield>
    <subfield code="w">2016-11-04</subfield>
    <subfield code="y">AGR</subfield>
  </datafield>
  <datafield tag="952" ind1=" " ind2=" ">
    <subfield code="0">0</subfield>
    <subfield code="1">0</subfield>
    <subfield code="2">ddc</subfield>
    <subfield code="4">0</subfield>
    <subfield code="6">AGR_KON_2015_000000000000000_B521_OR_7</subfield>
    <subfield code="7">0</subfield>
    <subfield code="9">55924</subfield>
    <subfield code="a">LBB</subfield>
    <subfield code="b">LBB</subfield>
    <subfield code="c">B521</subfield>
    <subfield code="d">2016-11-04</subfield>
    <subfield code="o">AGR KON 2015 B521 Or.7</subfield>
    <subfield code="p">RUA062573</subfield>
    <subfield code="r">2016-11-04</subfield>
    <subfield code="w">2016-11-04</subfield>
    <subfield code="y">AGR</subfield>
  </datafield>
  <datafield tag="952" ind1=" " ind2=" ">
    <subfield code="0">0</subfield>
    <subfield code="1">0</subfield>
    <subfield code="2">ddc</subfield>
    <subfield code="4">0</subfield>
    <subfield code="6">AGR_KON_2015_000000000000000_B521_OR_8</subfield>
    <subfield code="7">0</subfield>
    <subfield code="9">55925</subfield>
    <subfield code="a">LBB</subfield>
    <subfield code="b">LBB</subfield>
    <subfield code="c">B521</subfield>
    <subfield code="d">2016-11-04</subfield>
    <subfield code="o">AGR KON 2015 B521 Or.8</subfield>
    <subfield code="p">A00354</subfield>
    <subfield code="r">2016-11-04</subfield>
    <subfield code="w">2016-11-04</subfield>
    <subfield code="y">AGR</subfield>
  </datafield>
</record>
